Plus Grandes Villes Saint Marin, Serbie, Slovaquie, Slovénie - Statistiques

Statistiques générales
  • Ce quiz a été pris 162 fois
    22 depuis la dernière actualisation
  • Le résultat moyen est 8 sur 20
Statistiques - réponses
Ville
Population
(en milliers)
% Correct
Serbie Belgrade 1 197
94%
Slovénie Ljubljana 272
94%
Slovaquie Bratislava 424
88%
Novi Sad 260
82%
Saint Marin 4
82%
Maribor 95
65%
Kosice 236
53%
Nis 178
53%
Celje 37
35%
Zilina 85
29%
Kragujevac 146
24%
Kranj 36
24%
Subotica 88
24%
Nitra 87
18%
Borgo Maggiore 6
12%
Domagnano 3
12%
Koper 24
12%
Presov 92
12%
Fiorentino 2
6%
Saint Marin Serravalle 10
6%
Aucun quiz correspondant
Distribution des résultats
% des personnes avec chaque résultat
Percentile par nombre de réponses
Votre historique - résultats
Vous n’avez pas pris ce quiz depuis la dernière actualisation